| 000 | 01174cam a2200325 a 4500 | ||
|---|---|---|---|
| 999 |
_c10442 _d10442 |
||
| 001 | 3560620 | ||
| 003 | GBCCL | ||
| 005 | 20241126110732.0 | ||
| 008 | 980413s1998 wau b 000 0beng | ||
| 010 | _a 98023396 | ||
| 020 | _a1576580180 (pbk.) | ||
| 040 |
_aDLC _cDLC _dDLC |
||
| 043 |
_aa-ii--- _ae-ie--- |
||
| 050 | 0 | 0 |
_aBV3269.C32 _bB46 1998 |
| 082 | 0 | 0 |
_a266.0092 _aB _bBEN |
| 100 | 1 |
_aBenge, Janet, _d1958- _917368 |
|
| 245 | 1 | 0 |
_aAmy Carmichael : _brescuer of precious gems / _cJanet & Geoff Benge. |
| 260 |
_aSeattle, WA : _bYWAM Pub., _cc1998. |
||
| 300 |
_a203 p. ; _c21 cm. |
||
| 440 | 0 |
_aChristian heroes, then & now _917374 |
|
| 504 | _aIncludes bibliographical references (p. 203). | ||
| 600 | 1 | 0 |
_aCarmichael, Amy, _d1867-1951. _910187 |
| 610 | 2 | 0 |
_aDohnavur Fellowship _xHistory. _918160 |
| 650 | 0 |
_aWomen missionaries _zIndia _xBiography. _918161 |
|
| 650 | 0 |
_aWomen missionaries _zIreland _xBiography. _918162 |
|
| 700 | 1 |
_aBenge, Geoff, _d1954- _917373 |
|
| 906 |
_a7 _bcbc _corignew _d1 _eocip _f19 _gy-gencatlg |
||
| 942 |
_2ddc _cBK _03 |
||